Gigantes de la pintura /
Guardado en:
| Autor Principal: | |
|---|---|
| Formato: | Libro |
| Publicado: |
España :
Bruguera,
1978
|
| Materias: | |
| Etiquetas: |
Agregar Etiqueta
Sin Etiquetas, Sea el primero en etiquetar este registro!
|
| LEADER | 00442nam a22001695a 4500 | ||
|---|---|---|---|
| 001 | CEM.cems007360 | ||
| 005 | 20060214000000.0 | ||
| 008 | 130507s1978##################000#0#####d | ||
| 003 | CEMS | ||
| 082 | 0 | 4 | |a 759 |
| 100 | 1 | |a Fabregas, Javier | |
| 245 | 1 | 0 | |a Gigantes de la pintura / |
| 260 | |a España : |b Bruguera, |c 1978 | ||
| 300 | |a 318 p. | ||
| 653 | |a Pintura | ||
| 653 | |a Pintura-historia | ||
| 859 | |a CEMS |b BIB. CEMS - 11 de abril |h 759 |i F114 |p 17208.93 |t Ej.1 | ||
